000 00720cam a22002293a 4500
001 36555
003 PGUSA
005 20140828083806.0
008 110629s2011||||xxu|||||s|||||000 | eng d
040 _aPGUSA
_beng
042 _adc
050 4 _aLB
100 1 _aMann, Mary Tyler Peabody,
_d1806-1887
245 1 0 _aGuide to the Kindergarten and Intermediate Class; and Moral Culture of Infancy.
_h[electronic resource] /
_cMary Tyler Peabody Mann
260 _bProject Gutenberg,
_c2011
506 _aPublic domain in the USA.
516 _aElectronic text
653 _aKindergarten -- Methods and manuals
830 0 _aProject Gutenberg
_v36555
856 4 0 _uhttp://www.gutenberg.org/ebooks/36555
942 _cEB
999 _c265810
_d265810